000 01063nam a2200253Ia 4500
001 940.1-GAS st fo (7750)
003 IT-MiSPE
008 171229s9999||||xx |||||||||||||| ||und||
040 _aIT-MiSPE
_cIT-MiSPE
041 _aITALIANO
100 _aStefano Gasparri
245 0 _aFonti per la storia medievale
_bDal V all'XI secolo
250 _a1a ed. (v)
260 _aFirenze
_bSansoni
_c1992
300 _aIX, 598 p.
_c23 cm
490 _aBiblioteca universale S.
500 _aStoria medievale
501 _aEdizioni San Paolo srl - Piazza Soncino, 5 - 20092 CINISELLO BALSAMO (MI) (non commercial uses only) ® Copyright 2018
700 _aA. Di Salvo
700 _aF. Simoni
942 _cBK
957 _71
999 _a19346
_bNO
_g Copie: 1
_c356887
_d356887